Statistiques concernant Personnages de l'univers d'Astérix par Emojis

Cliquez ici pour prendre le quiz!

Statistiques générales

  • Ce quiz a été pris 693 fois
  • Le résultat moyen est 7 sur 10

Statistiques - réponses

EmojisPersonnages% Correct
Astérix
98%
Idéfix
91%
Panoramix
90%
Obélix
87%
Jules César
79%
Assurancetourix
66%
Agecanonix
55%
Cétautomatix
40%
Barbe-Rouge
31%
Jolitorax
26%

Distribution des résultats

Percentile par nombre de réponses

% des personnes avec chaque résultat

Votre développement - résultats

Vous n’avez pas pris ce quiz